<?xml version="1.0" encoding="UTF-8"?>
<record
    xmlns:xsi="http://www.w3.org/2001/XMLSchema-instance"
    xsi:schemaLocation="http://www.loc.gov/MARC21/slim http://www.loc.gov/standards/marcxml/schema/MARC21slim.xsd"
    xmlns="http://www.loc.gov/MARC21/slim">

  <leader>00601nam a22001697b 4500</leader>
  <controlfield tag="005">20230829160232.0</controlfield>
  <controlfield tag="008">230829b        sa ||||| |||| 00| 0 eng d</controlfield>
  <datafield tag="020" ind1=" " ind2=" ">
    <subfield code="a">9780409046816</subfield>
    <subfield code="q">Paperback (pbk)</subfield>
  </datafield>
  <datafield tag="040" ind1=" " ind2=" ">
    <subfield code="a">RDA</subfield>
    <subfield code="c">3228</subfield>
  </datafield>
  <datafield tag="082" ind1=" " ind2=" ">
    <subfield code="a">R344.680465 OCCU</subfield>
  </datafield>
  <datafield tag="245" ind1=" " ind2=" ">
    <subfield code="a">Occupational Health and Safety act and regulations 85 of 1993 (Full version) /</subfield>
  </datafield>
  <datafield tag="250" ind1=" " ind2=" ">
    <subfield code="a">Seventh edition.</subfield>
  </datafield>
  <datafield tag="260" ind1=" " ind2=" ">
    <subfield code="a">Sandton, South Africa:</subfield>
    <subfield code="b">LexisNexis,</subfield>
    <subfield code="c">2009.</subfield>
  </datafield>
  <datafield tag="650" ind1=" " ind2=" ">
    <subfield code="a">Occupational Health and Safety Act, 1993</subfield>
    <subfield code="9">181273</subfield>
  </datafield>
  <datafield tag="650" ind1=" " ind2=" ">
    <subfield code="a">Industrial safety- law and legislation</subfield>
    <subfield code="z">South Africa.</subfield>
    <subfield code="9">181274</subfield>
  </datafield>
  <datafield tag="942" ind1=" " ind2=" ">
    <subfield code="2">ddc</subfield>
    <subfield code="c">BOOK</subfield>
    <subfield code="y">367</subfield>
    <subfield code="z">Ellen Msibi</subfield>
  </datafield>
  <datafield tag="999" ind1=" " ind2=" ">
    <subfield code="c">729848</subfield>
    <subfield code="d">729847</subfield>
  </datafield>
  <datafield tag="952" ind1=" " ind2=" ">
    <subfield code="0">0</subfield>
    <subfield code="1">0</subfield>
    <subfield code="2">ddc</subfield>
    <subfield code="4">0</subfield>
    <subfield code="5">1</subfield>
    <subfield code="7">0</subfield>
    <subfield code="8">300</subfield>
    <subfield code="a">SECL</subfield>
    <subfield code="b">SECL</subfield>
    <subfield code="c">REF</subfield>
    <subfield code="d">2022-08-30</subfield>
    <subfield code="o">R344.680465 OCCU</subfield>
    <subfield code="p">065907</subfield>
    <subfield code="r">2022-08-30</subfield>
    <subfield code="w">2022-08-30</subfield>
    <subfield code="y">BOOK</subfield>
  </datafield>
</record>
